Bad Bunny - Nadie Sabe Lo Que Va a Pasar Mañana Album - Statistics

General Stats
  • This quiz has been taken 311 times
  • The average score is 16 of 22
Answer Stats
# Track Name % Correct
2 MONACO
94%
1 NADIE SABE
94%
3 FINA
82%
19 PERRO NEGRO
80%
4 HIBIKI
79%
21 ACHO PR
74%
6 CYBERTRUCK
74%
16 NO ME QUIERO CASAR
74%
12 MERCEDES CAROTA
73%
10 TELÉFONO NUEVO
73%
22 UN PREVIEW
73%
15 BATICANO
69%
20 EUROPA :(
69%
5 MR. OCTOBER
68%
18 THUNDER Y LIGHTNING
67%
8 SEDA
65%
17 WHERE SHE GOES
65%
7 VOU 787
64%
14 VUELVE CANDY B
63%
13 LOS PITS
61%
11 BABY NUEVA
55%
9 GRACIAS POR NADA
55%
No matching quizzes found
Score Distribution
Percent of People with Each Score
Percentile by Number Answered
Your Score History
You have not taken this quiz